000 00492nam a2200121Ia 4500
008 220621s9999||||xx |||||||||||||| ||und||
100 _aQuigley, Fran
245 0 _aHow Human Rights Can Build Haiti
_bActivists, Lawyers, and the Grassroots Campaign
546 _aEnglish[eng]
650 _aPolitical Science||International Relations||Law||International||History||Caribbean & West Indies
856 _uhttps://library.oapen.org/bitstream/20.500.12657/46316/1/external_content.epub
942 _cEB
999 _c37007
_d37007